Joueuses de l'équipe de France de handball - Statistiques

Statistiques générales
  • Ce quiz a été pris 9 fois
  • Le résultat moyen est 11 sur 31
Statistiques - réponses
Poste Numéro Joueuse % Correct
Gardienne de but 1 Laura Glauser
71%
Ailière gauche 6 Chloé Valentini
57%
Gardienne de but 99 Hatadou Sako
57%
Demi-centre 34 Léna Grandveau
57%
Pivot 26 Pauletta Foppa
57%
Gardienne de but 30 Camille Depuiset
43%
Arrière droite 25 Emma Jacques
43%
Arrière gauche 27 Estelle Nze-Minko
43%
Gardienne de but 12 Floriane André
43%
Ailière droite 28 Lucie Granier
43%
Ailière gauche 14 Nina Dury
43%
Arrière gauche 21 Orlane Kanor
43%
Pivot 32 Sarah Bouktit
43%
Ailière droite 3 Alicia Toublanc
29%
Arrière gauche 5 Clarisse Mairot
29%
Arrière gauche 78 Enola Borg
29%
Ailière gauche 43 Kiara Tshimanga
29%
Arrière droite 20 Laura Flippes
29%
Pivot 18 Lilou Pintat
29%
Demi-centre 9 Lylou Borg
29%
Ailière droite 89 Manon Errard
29%
Arrière gauche 2 Méline Nocandy
29%
Pivot 29 Oriane Ondono
29%
Ailière gauche 98 Suzanne Wajoka
29%
Demi-centre 22 Tamara Horacek
29%
Arrière gauche 69 Coura Kanoute
14%
Arrière gauche 13 Djazz Chambertin
14%
Arrière droite 96 Fatou Karamoko
14%
Demi-centre 10 Grace Zaadi Deuna
14%
Arrière droite 15 Marie-Hélène Sajka
14%
Ailière gauche 11 Maureen Gayet
14%
Aucun quiz correspondant
Distribution des résultats
% des personnes avec chaque résultat
Percentile par nombre de réponses
Votre historique - résultats
Vous n’avez pas pris ce quiz